| 000 | 00576nam a2200181 i 4500 | ||
|---|---|---|---|
| 001 | 61295 | ||
| 003 | ES-MaACL | ||
| 005 | 20251009170759.0 | ||
| 007 | t| | ||
| 008 | 031111s1976 sp ||||1| spa d | ||
| 100 | 1 |
_aEvans-Pritchard, E. E. _948377 |
|
| 245 | 1 | 0 |
_aBrujería, magia y oráculos entre los azande / _cE.E. Evans-Pritchard ; [traducción: Antonio Desmonts]. |
| 260 |
_aBarcelona : _bAnagrama, _c[1976] |
||
| 300 |
_a496 p., 8 lám. ; _c24 cm. |
||
| 700 | 1 |
_aDesmonts, Antonio, _d1942- _9160311 |
|
| 852 |
_aES-MaACL _jA-5625 _bR.94492 |
||
| 999 |
_c61295 _d61295 |
||